[Event "Leitersdorf Region-ch"]
[Site "Leitersdorf"]
[Date "2015.01.05"]
[Round "4"]
[White "Sackl, Ernst"]
[Black "Ertl, Lukas"]
[Result "1-0"]
[WhiteElo "1784"]
[BlackElo "1318"]
[PlyCount "95"]
[EventDate "2015.01.02"]
[EventType "swiss"]
[EventRounds "5"]
[EventCountry "AUT"]
[SourceTitle "CBM 164 Extra"]
[Source "ChessBase"]
[SourceDate "2015.03.02"]
[SourceVersion "1"]
[SourceVersionDate "2015.03.02"]
[SourceQuality "1"]

1. e4 e5 2. Bc4 Nf6 3. d3 Nc6 4. Nf3 Bc5 5. c3 d6 6. 0-0 Bg4 7. Be3 h6 8. Nbd2 0-0 9. Qe1 Qd7 10. Bb3 Rfe8 11. Kh1 Ne7 12. Bxc5 dxc5 13. Nxe5 Qd6 14. Nxf7 Qf4 15. Nd6+ Kh8 16. Nxe8 Rxe8 17. f3 Bd7 18. Qf2 b6 19. Rad1 Rf8 20. Bc2 Ng4 21. Qg3 Ne3 22. Qxf4 Rxf4 23. Bb1 Nxf1 24. Nxf1 Rf8 25. d4 cxd4 26. cxd4 Nc6 27. Ne3 Bc8 28. Kg1 Bb7 29. Kf2 Rf7 30. a3 Rd7 31. d5 Ne5 32. f4 Rf7 33. g3 g6 34. Kg2 Nd7 35. e5 Nf8 36. Kf2 Kg7 37. e6 Re7 38. f5 Kf6 39. g4 a5 40. h4 g5 41. Kg3 Ke5 42. h5 b5 43. f6 Kxf6 44. Rf1+ Kg7 45. Nf5+ Kf6 46. Nxh6+ Kg7 47. Nf5+ Kf6 48. Nd6+ 1-0

[Event "Leitersdorf Region-ch"]
[Site "Leitersdorf"]
[Date "2014.01.03"]
[Round "2"]
[White "Sackl, Ernst"]
[Black "Horvath, Reka"]
[Result "1/2-1/2"]
[WhiteElo "1785"]
[BlackElo "2044"]
[PlyCount "51"]
[EventDate "2014.01.02"]
[EventType "swiss"]
[EventRounds "5"]
[EventCountry "AUT"]
[SourceTitle "CBM 158 Extra"]
[Source "ChessBase"]
[SourceDate "2014.02.28"]
[SourceVersion "1"]
[SourceVersionDate "2014.02.28"]
[SourceQuality "1"]

1. e4 c5 2. d4 cxd4 3. Qxd4 Nc6 4. Qd1 g6 5. Bd3 Bg7 6. Nf3 Nf6 7. c3 0-0 8. Nbd2 d5 9. exd5 Nxd5 10. 0-0 Nxc3 11. bxc3 Qxd3 12. Bb2 Bxc3 13. Qb3 Nd4 14. Nxd4 Qxd4 15. Bxc3 Qd3 16. Rae1 b6 17. Re3 Qf5 18. Rfe1 Be6 19. Qb2 Rac8 20. Nf3 Rfd8 21. h3 Rd6 22. g4 Qd5 23. a3 Rc4 24. Nd2 Rxc3 25. Qxc3 Qxd2 26. Qc7 1/2-1/2

[Event "Leitersdorf Region-ch"]
[Site "Leitersdorf"]
[Date "2013.01.03"]
[Round "2"]
[White "Sackl, Ernst"]
[Black "Manhardt, Thomas"]
[Result "0-1"]
[WhiteElo "1890"]
[BlackElo "2152"]
[PlyCount "126"]
[EventDate "2013.01.02"]
[EventType "swiss"]
[EventRounds "5"]
[EventCountry "AUT"]
[SourceTitle "CBM 152 Extra"]
[Source "ChessBase"]
[SourceDate "2013.02.25"]
[SourceVersion "1"]
[SourceVersionDate "2013.02.25"]
[SourceQuality "1"]

1. e4 c5 2. f4 Nc6 3. Nf3 g6 4. c3 Bg7 5. Be2 d6 6. d3 e6 7. Be3 Nge7 8. 0-0 0-0 9. Qd2 b6 10. Na3 Bb7 11. Rad1 Rc8 12. g4 f5 13. Qc2 Qd7 14. h3 Nd4 15. Nxd4 cxd4 16. Bd2 dxc3 17. bxc3 Nc6 18. Qb1 Qe7 19. exf5 gxf5 20. g5 Na5 21. Qb4 Ba6 22. Nc4 Nxc4 23. dxc4 Qc7 24. Be3 d5 25. Bd4 Bxc4 26. Bxc4 Qxc4 27. Bxg7 Qxb4 28. cxb4 Kxg7 29. Rc1 Kf7 30. Kf2 Rc4 31. Rxc4 dxc4 32. Ke3 Rd8 33. Rc1 Rd3+ 34. Ke2 b5 35. a4 a6 36. axb5 axb5 37. Ra1 Rb3 38. Ra7+ Kg6 39. Re7 Rxb4 40. Rxe6+ Kg7 41. Re7+ Kg8 42. Rc7 Rb2+ 43. Ke3 Rb3+ 44. Kd4 Rxh3 45. Ke5 Kf8 46. Rc5 Rb3 47. Kxf5 c3 48. Kf6 Ke8 49. Kg7 b4 50. Kxh7 Rb2 51. f5 Rf2 52. Kg6 c2 53. f6 b3 54. Kg7 Kd7 55. g6 b2 56. Rxc2 Rxc2 57. f7 Rf2 58. f8Q Rxf8 59. Kxf8 b1Q 60. g7 Qf5+ 61. Kg8 Ke7 62. Kh8 Qh5+ 63. Kg8 Kf6 0-1